000 00610nam a2200241Ia 4500
003 OSt
005 20221007101227.0
006 a|||||r|||| 00| 0
007 ta
008 221006b |||||||| |||| 00| 0 eng d
024 _a6,071
037 _cTextual
040 _aLCO
_cLCO
_beng
041 _2eng
_aeng
082 _aZ2,94, L3
100 _aTYAGI
_9702736
245 0 _aIndian Evidence Act. (In Hindi)
260 _aAllahabad
_bAllahabad Law Agency
_c1973
300 _a308
650 _aEVIDENCE ACT
_9702737
942 _hZ2,94, L3
_cTEXL
999 _c1175634
_d1175634